000 00902nam a2200289 a 4500
001 BRL_383
005 20190320210721.0
008 050813s1967----mx-e######---#000-0#spa-#
041 _aspa
044 _amx
050 4 _aF1219
_b.I58 13 1967
100 1 _aLeander, Birgitta
_923728
245 1 0 _aCódice de Otlazpan
_cBirgitta Leander.
260 _aMéxico
_bINAH
_c1967
300 _a147 p.
_bil.
_c28 cm.
440 0 _aInvestigaciones
_v13
_923729
500 _aAu349
504 _aBibliografía: p. 133-139
650 1 4 _aIndígenas de México
_xHistoria
_922707
650 1 4 _aCódice Mariano Jiménez
_923730
650 1 4 _aManuscritos mexicanos
_xFacsímiles
_95310
650 1 4 _aManuscritos aztecas
_xFacsímiles
_923535
650 1 4 _aManuscritos náhuatls
_xFacsímiles
_923731
710 2 _aInstituto Nacional de Antropología e Historia (México)
_923732
902 _aGRL
942 _2lcc
_cB
999 _c9196
_d9196